| 000 | 00469nam a22001577a 4500 | ||
|---|---|---|---|
| 082 |
_a621.41 _bSAQ |
||
| 100 |
_aSaqib Behram (365271) _9126320 |
||
| 245 | _aDesign, Fabrication, And Thermal Analysis of Parabolic Trough Collector / | ||
| 264 |
_aIslamabad : _bUSPCAS-E, NUST _cAugust, 2024. |
||
| 300 |
_axiv, 53 p. _e+CD |
||
| 520 | _aTH-578 | ||
| 650 |
_aMS TEE Thesis _9116575 |
||
| 650 |
_aMS Thesis _918721 |
||
| 700 |
_aDr. Majid Ali _929033 |
||
| 942 |
_2ddc _cTHE |
||
| 999 |
_c612019 _d612019 |
||